000 00499nam a22001697a 4500
005 20251108171017.0
008 250721s2000 xx 000 0 ara d
082 1 4 _a215/حمو
100 1 _aمحمود، محمود محمد
245 1 0 _aالتبيان في الفرق و الأديان /
264 1 _aعمان :
_bمؤسسة الوراق للنشر،
_c2000.
300 _a279ص
650 1 7 _aالإسلام
650 1 7 _aالفرق الإسلامية
942 _2ddc
_cBK
999 _c54296
_d54296